000 01080nam a22002415i 4500
001 153936
003 ES-MaACL
005 20240229062726.0
008 960617s1809 sp |||| | spa d
040 _aCLM
_bspa
_cCLM
110 2 _aEspaña.
_bJunta Suprema Central.
_9141469
245 1 3 _aLa Junta Suprema del Reyno á la nacion española.
260 _a[Sevilla? :
_bs.n.,
_c1809?]
300 _a12 p. ;
_c20 cm.
520 _aProclama hecha por la Junta Suprema Central Gobernativa del Reino dando la noticia sobre la naturaleza del enemigo y sus mentiras durante la invasión napoleónica.
594 _aTít. tomado de la portadilla.
594 _aA fin de texto consta: "Real Alcazar de Sevilla 21 de Noviembre de 1809"
651 4 _aEspaña-
_xHistoria-
_y1808-1814, Guerra de la Independencia
_98244
700 1 _aRivero, Pedro de.
_9131870
700 1 _aVera y Delgado, Juan Acisclo de,
_cArzobispo de Laodicea.
_9141471
852 _aES-MaACL
_jR-3318(13)
_z.- Enc. en un vol. facticio con otras obras formando "Miscelanea patriotica"
999 _c153936
_d153936